| 000 | 00691nam a2200205 a 4500 | ||
|---|---|---|---|
| 001 | 000046135 | ||
| 003 | DO-SdBNP | ||
| 005 | 20240508073817.0 | ||
| 008 | 150625s2011 dr ac 000 0 spa d | ||
| 020 | _a9789945074338 | ||
| 040 |
_aDO-SdBNP _bspa _cBNPHU _erda |
||
| 082 |
_axxxx _bxxxx |
||
| 245 | 1 | 0 |
_aArchivo General de la Nación : _bguía breve / _ctexto Ana Feliz Lafontaine y Raymundo González. |
| 260 |
_aSanto Domingo : _bArchivo General de la Nación, _c2011. |
||
| 300 |
_a97 p. : _bil., retrs. ; _c22 cm. |
||
| 490 | 1 |
_aReferencias _v1 |
|
| 500 | _aIncluye referencias bibliográficas y notas al pie de las páginas. | ||
| 830 | 0 |
_aReferencias ; _n1 _974189 |
|
| 942 |
_2ddc _cLBS1 |
||
| 999 |
_c45624 _d45624 |
||